Entrada Encabezamiento temático
Número de registros utilizados en: 1
001 - NÚMERO DE CONTROL
- campo de control: 761
003 - IDENTIFICADOR DEL NÚMERO DE CONTROL
- campo de control: vecauma
005 - FECHA Y HORA DE LA ÚLTIMA TRANSACCIÓN
- campo de control: 20221022224349.0
008 - DATOS DE LONGITUD FIJA
- campo de control de longitud fija: 220505|| aca||aabn | a|a d
040 ## - FUENTE DE LA CATALOGACIÓN
- Centro catalogador/agencia de origen: vecauma
150 ## - Materia
- Encabezamiento temático: CRITERIO
450 ## - REFERENCIA DE “VEASE” MATERIA
- Encabezamiento temático: Judgment
450 ## - REFERENCIA DE “VEASE” MATERIA
- Encabezamiento temático: Juicio
550 ## - REFERENCIA DE "VEASE ADEMAS" MATERIA
- Encabezamiento temático: EMOCIONES
- Subcampo de control : g
550 ## - REFERENCIA DE "VEASE ADEMAS" MATERIA
- Encabezamiento temático: EPISTEMOLOGIA
- Subcampo de control : g
550 ## - REFERENCIA DE "VEASE ADEMAS" MATERIA
- Encabezamiento temático: PSICOLOGIA
- Subcampo de control : g
550 ## - REFERENCIA DE "VEASE ADEMAS" MATERIA
- Encabezamiento temático: OPINION PUBLICA
- Subcampo de control : h
670 ## - FUENTE EN LA QUE SE LOCALIZARON DATOS
- Cita de la fuente: Lista de Encabezamientos de Materias para Bibliotecas, 1998
- Información localizada: p. 288 (Criterio)
670 ## - FUENTE EN LA QUE SE LOCALIZARON DATOS
- Cita de la fuente: Catálogo de Autoridades de la Biblioteca del Congreso, 2022
- Información localizada: (Judgment)
